000 00521nam a2200169Ia 4500
003 IN-BaIIA
008 211028s9999 xx 000 0 eng d
040 _cIIA Library
080 _a524.5
_bPIK
100 _aPikelner, S.
_95290
245 0 _aPhysics of interstellar space
_cS. Pikelner
260 _aMoscow
_bForeign Languages Publishing House
300 _a230p.
650 _aAstronomy and astrophysics thesaurus
650 _aInterstellar matter
_91189
942 _cBK
999 _c2966
_d2966